| 000 | 00627cam a2200193 i 4500 | ||
|---|---|---|---|
| 999 |
_c58348 _d58348 |
||
| 001 | 18165362 | ||
| 005 | 20221111114114.0 | ||
| 008 | 140527s2015 enka 000 0 eng | ||
| 020 | _a9780415713351x | ||
| 041 | _aeng | ||
| 080 | _a621.31 W-63 | ||
| 100 | 1 |
_aWhite, Sean _c _912954 |
|
| 245 | 1 | 0 |
_aSolar photovoltaic basics : _ba study guide for the NABCEP entry level exam / _cSean White. |
| 264 | 1 |
_aNew York : _bRoutledge, _c2015. |
|
| 300 |
_aviii, 160 pages : _billustrations (some color) ; _c19 cm. |
||
| 653 | _aელექტროტექნიკა | ||
| 653 | _aЭлектротехника | ||
| 942 |
_2udc _cBK |
||